000
00319nam a2200121 a 4500
005
20140414132054.0
008
110714s19uu xx 00 eng d
050
_a
ER
_b
K87 1993
100
_a
Kreider, Karen
245
_a
Alladin the genie's tale :
_b
Disney's.
260
_a
New york :
_b
Western,
_c
1993.
999
_c
114263
_d
114263